000 00416nam a2200169Ia 4500
008 240729s9999 xx 000 0 und d
022 _a2666-2477
245 0 _aHGG Advances
260 _aUnited States
260 _bElsevier
650 _a Biology (General)
650 _a Genetics
650 _aScience
856 _uhttps://doaj.org/toc/b576cff3316f449db0c8f44f7617da14
942 _2ddc
942 _cDOAJEJ
999 _c71871
_d71871
945 _a1
_bMadushi Gamage
_c1
_dMadushi Gamage